Pacífico inédito: 1862-1866, exposición fotográfica
Збережено в:
| Автори: | , |
|---|---|
| Формат: | Книга |
| Мова: | Іспанська |
| Опубліковано: |
Barcelona
Lunwerg
1992
|
| Редагування: | 1a. ed |
| Предмети: | |
| Теги: |
Додати тег
Немає тегів, Будьте першим, хто поставить тег для цього запису!
|
MARC
| LEADER | 00000nam a2200000 a 4500 | ||
|---|---|---|---|
| 001 | UCM5116 | ||
| 003 | CL-VaPUC | ||
| 008 | 020927e19920000sp |||||||||||||||||spa|d | ||
| 020 | |a 8477821933 | ||
| 082 | 0 | 4 | |a 980.031 |b CAL |2 21 |
| 100 | 0 | |a Calatayud Arinero, María Angeles |e author |9 471487 | |
| 700 | 0 | |a Puig-Samper Mulero, Miguel Angel |e author |9 471488 | |
| 245 | 1 | 0 | |a Pacífico inédito: 1862-1866, exposición fotográfica |
| 250 | |a 1a. ed | ||
| 300 | |a 160 p | ||
| 942 | |c BK | ||
| 945 | |d 20020927 00:00:00 |a cmena | ||
| 260 | |a Barcelona |b Lunwerg |c 1992 | ||
| 650 | 7 | |a HISTORIA DE AMERICA 1862-1866 |2 CL-VaPUC |9 471489 | |
| 650 | 7 | |a EXPOSICION FOTOGRAFICA |2 CL-VaPUC |9 471490 | |
| 650 | 0 | |a Expediciones científicas |9 265222 | |
| 583 | |a last modification |c 20171121 03:44:31 |k Rodrigo Vera | ||
| 999 | |c 301399 |d 301397 | ||
| 952 | |0 0 |1 0 |4 0 |6 980_031000000000000_CAL_1992 |7 0 |8 A |9 360302 |a BIBHIS |b BIBHIS |d 2019-11-21 |i 3839877 |o 980.031 CAL 1992 |p 3839877 |r 2025-01-20 |w 2019-11-21 |y BK |k HIS | ||
| 952 | |0 0 |1 0 |4 0 |6 980_031000000000000_CAL_1992 |7 0 |8 X |9 360303 |a FDOBUD |b FDOBUD |d 2019-11-21 |i 4592832 |o 980.031 CAL 1992 |p 4592832 |r 2019-11-21 |w 2019-11-21 |y BK_X |k BUD | ||